[Event "AUTO-INT-2875"]
[Site "http://www.queenalice.com/game.php?id=1291813"]
[Date "2014.7.1"]
[Round "1"]
[White "Hossque"]
[Black "renet54"]
[Result "1-0"]
[WhiteElo "1612"]
[BlackElo "1631"]

1. c4 Nf6 2. Nc3 e5 3. e4 Bc5 4. h3 Nc6 5. d3 O-O 6. Nf3 Nd4 7. Be2 h6 8. O-O
Nxf3+ 9. Bxf3 d6 10. Nd5 Bxh3 11. gxh3 Qc8 12. Bg2 Qe6 13. a3 Rac8 14. b4 Bd4
15. Nxf6+ Qxf6 16. Qa4 Bxa1 17. Qxa7 b6 18. Qb7 Qg6 19. Be3 f5 20. exf5 Qxf5 21.
Qd5+ Kh7 22. Be4 Qxe4 23. dxe4 Rf3 24. Qe6 Rcf8 25. Rxa1 Rxh3 26. Qxh3 Rf6 27.
Qd7 Rg6+ 28. Kf1 h5 29. Ke2 h4 30. Rh1 c5 31. Rxh4+ 1-0

[Event "AUTO-INT-2875"]
[Site "http://www.queenalice.com/game.php?id=1291814"]
[Date "2014.7.1"]
[Round "1"]
[White "renet54"]
[Black "Hossque"]
[Result "0-1"]
[WhiteElo "1631"]
[BlackElo "1559"]

1. e4 e5 2. Nf3 Nf6 3. d4 exd4 4. e5 Ng4 5. Qxd4 d6 6. Bg5 Be7 7. Bc4 Nc6 8. Qd5
Ngxe5 9. Nxe5 Nxe5 10. Bb3 Bxg5 11. O-O O-O 12. Nc3 c6 13. Qe4 Re8 14. f4 d5 15.
Nxd5 Ng4 16. Qd3 Bh6 17. c4 cxd5 18. Rad1 Ne3 19. cxd5 Nxf1 20. Kxf1 Bxf4 21. d6
Qf6 22. Kg1 Be3+ 23. Kh1 Bf5 24. Bxf7+ Qxf7 25. h3 Bxd3 26. Rxd3 Qf1+ 27. Kh2
Bg1+ 28. Kg3 Qxd3+ 29. Kh4 Bf2+ 30. g3 Re4+ 0-1

[Event "Challenge"]
[Site "http://www.queenalice.com/game.php?id=1294061"]
[Date "2014.7.11"]
[Round "-"]
[White "sunking1"]
[Black "Hossque"]
[Result "0-1"]
[WhiteElo "1426"]
[BlackElo "1521"]

1. c4 c5 2. Nc3 Nc6 3. e3 e5 4. Nf3 d6 5. b3 Bf5 6. Nh4 Qd7 7. f3 Nf6 8. e4 Be6
9. g4 Be7 10. h3 Nd4 11. Nb5 a6 12. Nxd4 cxd4 13. d3 O-O 14. Bg5 h6 15. Qd2 hxg5
16. Nf5 Bxf5 17. gxf5 Nh5 18. Rg1 Nf4 19. h4 gxh4 20. O-O-O b5 21. cxb5 Qxb5 22.
f6 Bxf6 23. Qc2 Rfc8 24. Qxc8+ Rxc8+ 25. Kd2 Qb4# 0-1

[Event "CAMILA CAMILA V"]
[Site "http://www.queenalice.com/game.php?id=1296613"]
[Date "2014.7.22"]
[Round "-"]
[White "perucona"]
[Black "Hossque"]
[Result "0-1"]
[WhiteElo "1495"]
[BlackElo "1654"]

1. e4 e5 2. Nf3 Nf6 3. Nc3 Bc5 4. d3 Ng4 5. Be3 Bxe3 6. fxe3 Nxe3 7. Qd2 Ng4 8.
h3 Nh6 9. Be2 O-O 10. O-O Nc6 11. Rad1 d6 12. Nh2 Nd4 13. Rfe1 Nxe2+ 14. Qxe2
Be6 15. Rd2 c6 16. Rf1 Qg5 17. Nf3 Qg6 18. Rf2 Bxh3 19. Nh4 Qg5 20. Nf3 Qg3 21.
Nd1 Ng4 22. Nh2 Qxh2+ 23. Kf1 Qh1# 0-1

[Event "Juguemos ajedrez!"]
[Site "http://www.queenalice.com/game.php?id=1303903"]
[Date "2014.8.25"]
[Round "-"]
[White "Piazzolero"]
[Black "Hossque"]
[Result "0-1"]
[WhiteElo "1726"]
[BlackElo "1670"]

1. b3 e5 2. Bb2 d6 3. Nf3 Nf6 4. e4 a6 5. Bd3 Be7 6. O-O O-O 7. Bc4 Nxe4 8. d3
Ng5 9. Bd5 c6 10. Nxg5 Bxg5 11. Be4 d5 12. Bf3 Re8 13. Nd2 Qa5 14. Bc1 Bf5 15.
g3 e4 16. Bg2 e3 17. fxe3 Bxe3+ 18. Kh1 Bg6 19. Rf3 Qb6 20. a4 Bd4 21. Ra2 Bh5
22. Re3 Bxe3 23. Qxh5 Bf2 24. Nf3 Nd7 25. Bf4 Nf6 26. Qf5 Qb4 27. Qg5 Re1+ 28.
Bf1 Rxf1+ 29. Kg2 Qb6 30. Kxf1 h6 31. Qe5 Re8 32. Qf5 Be3 33. Bxe3 Qxe3 34. Kg2
Qe2+ 35. Kh3 Qf1+ 36. Kh4 g5+ 37. Nxg5 Qxf5 38. Nh3 Qh5# 0-1

[Event "Rival Wanted!"]
[Site "http://www.queenalice.com/game.php?id=1312277"]
[Date "2014.10.3"]
[Round "-"]
[White "Hossque"]
[Black "tucuman"]
[Result "1-0"]
[WhiteElo "1634"]
[BlackElo "1711"]

1. c4 e5 2. Nc3 Nf6 3. d3 Bb4 4. Bd2 Nc6 5. a3 Bxc3 6. Bxc3 d6 7. Nf3 O-O 8. e4
Bg4 9. Be2 Bxf3 10. Bxf3 a6 11. O-O Nd4 12. Bxd4 exd4 13. Qb3 b6 14. a4 Rb8 15.
Rfe1 c5 16. e5 dxe5 17. Rxe5 Qd6 18. Rae1 Rbe8 19. Rxe8 Nxe8 20. a5 bxa5 21. Qa4
Nf6 22. Qxa5 h6 23. h3 Kh8 24. Bb7 Nh5 25. Qxa6 Nf4 26. Qxd6 Rg8 27. Qxf4 1-0

[Event "Let's Play Chess!"]
[Site "http://www.queenalice.com/game.php?id=1315339"]
[Date "2014.10.15"]
[Round "-"]
[White "igorjava"]
[Black "Hossque"]
[Result "1-0"]
[WhiteElo "1958"]
[BlackElo "1657"]

1. e4 e5 2. f4 exf4 3. Nf3 Nf6 4. e5 Ng4 5. h3 Nh6 6. d4 c5 7. Bxf4 cxd4 8. Nxd4
Qh4+ 9. g3 Qe7 10. c3 a6 11. Bg2 Nc6 12. O-O Qc5 13. Kh2 d6 14. Nxc6 bxc6 15.
Re1 d5 16. Bxh6 gxh6 17. b4 Qf2 18. Re2 Qf5 19. Nd2 h5 20. Qf1 Qd3 21. Qf3 Qg6
22. Nb3 Bg7 23. Nd4 O-O 24. a4 Re8 25. Rae1 Qg5 26. Nxc6 Bb7 27. h4 Qg4 28. Qxd5
Rac8 29. b5 Bxc6 30. bxc6 Qxa4 31. e6 Kh8 32. exf7 Rf8 33. Re8 Qg4 34. Bh3 Qa4
35. Rxc8 Rxc8 36. Bxc8 Qc2+ 37. Kh3 Qf2 38. Re8+ Bf8 39. Qe5+ 1-0

[Event "Challenge"]
[Site "http://www.queenalice.com/game.php?id=1318522"]
[Date "2014.10.28"]
[Round "-"]
[White "gobblemate"]
[Black "Hossque"]
[Result "0-1"]
[WhiteElo "1063"]
[BlackElo "1657"]

1. d4 d5 2. Nf3 Bf5 3. Nc3 Nf6 4. Bf4 a6 5. e3 Nc6 6. Ne5 e6 7. Bd3 Be4 8. f3
Bxd3 9. Nxc6 Bxc2 10. Nxd8 Bxd1 11. Nxe6 Bxf3 12. Nxc7+ Kd7 0-1

[Event "Challenge"]
[Site "http://www.queenalice.com/game.php?id=1318523"]
[Date "2014.10.28"]
[Round "-"]
[White "Hossque"]
[Black "gobblemate"]
[Result "1-0"]
[WhiteElo "1657"]
[BlackElo "1063"]

1. c4 f5 2. Nc3 Nf6 3. d4 g6 4. Bf4 c6 5. d5 cxd5 6. cxd5 Bg7 7. Qc2 O-O 8.
O-O-O Na6 9. e3 d6 10. Bc4 Nc5 11. Nf3 Nfe4 12. Nxe4 1-0

[Event "Challenge"]
[Site "http://www.queenalice.com/game.php?id=1324337"]
[Date "2014.11.26"]
[Round "-"]
[White "roli68"]
[Black "Hossque"]
[Result "0-1"]
[WhiteElo "1564"]
[BlackElo "1669"]

1. e4 e5 2. Qh5 Nc6 3. Nh3 Nf6 4. Qf3 Bc5 5. c3 O-O 6. d3 d6 7. b4 Bb6 8. a4 a5
9. b5 Bg4 10. Qg3 Ne7 11. f3 Bh5 12. Bh6 Ng6 13. Bd2 Re8 14. Be2 d5 15. Bd1 d4
16. c4 c6 17. Qf2 Nf8 18. g4 Bg6 19. Ng5 h6 20. Nh3 cxb5 21. axb5 Ne6 22. f4
exf4 23. Nxf4 Nxf4 24. Bxf4 Qd7 25. Rg1 Nh7 26. g5 hxg5 27. Bxg5 Qh3 28. Bg4
Qxd3 29. Be2 Qxe4 30. Nd2 Qc2 31. Qf3 d3 32. Rg2 dxe2 33. Bf4 Bd4 34. Rb1 Bc3
35. Rxg6 Bxd2+ 36. Bxd2 Qxb1+ 37. Kf2 e1=Q+ 38. Bxe1 Qxe1+ 39. Kg2 Re2+ 40. Kh3
Re3 41. Rg3 Rxf3 42. Rxf3 Ng5+ 43. Kg4 Qe2 44. Kf4 Nxf3 45. Kg3 f5 46. h3 g5 47.
c5 f4+ 48. Kg4 Qg2+ 0-1

[Event "Challenge"]
[Site "http://www.queenalice.com/game.php?id=1333130"]
[Date "2015.1.6"]
[Round "-"]
[White "JOROVAS"]
[Black "Hossque"]
[Result "0-1"]
[WhiteElo "1675"]
[BlackElo "1739"]

1. e3 e5 2. Nf3 d6 3. c3 Nc6 4. Bb5 Bd7 5. d4 e4 6. Nfd2 Nf6 7. Qb3 a6 8. Ba4 b5
9. d5 Ne5 10. Qc2 Nd3+ 11. Kf1 bxa4 12. f3 Nxd5 13. Nxe4 Nxb2 14. Qxb2 Bb5+ 15.
Ke1 Qh4+ 16. g3 Qh3 17. Qd2 c6 18. Qc2 Be7 19. Na3 O-O 20. c4 Nb4 21. Qd2 d5 22.
cxd5 Nd3+ 23. Kd1 cxd5 24. Nc3 Nxc1 25. Naxb5 axb5 26. Rxc1 Bb4 27. Qe2 Rac8 28.
Nxb5 Rxc1+ 29. Kxc1 Rc8+ 30. Kd1 Qd7 31. Nd4 h6 32. g4 a3 33. Qd3 Qa4+ 34. Ke2
Rc3 35. Qb1 Bc5 36. Rd1 Qe8 37. e4 dxe4 38. fxe4 Qe5 39. Nf3 Re3+ 40. Kf2 Rb3+
41. Ke2 Qb2+ 42. Nd2 Re3+ 43. Kf2 Rxe4+ 44. Kf3 Re3+ 45. Kf4 Qe5# 0-1

[Event "Challenge"]
[Site "http://www.queenalice.com/game.php?id=1341327"]
[Date "2015.2.13"]
[Round "-"]
[White "Hossque"]
[Black "AuntieRenie"]
[Result "1-0"]
[WhiteElo "1699"]
[BlackElo "1661"]

1. c4 Nf6 2. Nc3 e5 3. Nf3 Nc6 4. e4 Bc5 5. h3 b6 6. d3 Nd4 7. a3 Bb7 8. Bg5 h6
9. Bh4 g5 10. Bg3 h5 11. Nxe5 h4 12. Bh2 d6 13. Ng4 Ne6 14. Qf3 Bd4 15. Nd5 Bxb2
16. Ngxf6+ Bxf6 17. Nxf6+ Ke7 18. Nd5+ Kf8 19. e5 Nd4 20. Qd1 Nf5 21. exd6 cxd6
22. Qg4 Qe8+ 23. Be2 Qe6 24. Nc7 Qg6 25. Nxa8 Bxa8 26. O-O Nh6 27. Qd7 Nf5 28.
Bg4 Qe6 29. Bxf5 Qxd7 30. Bxd7 Rh6 31. Rfe1 Rg6 32. Re8+ Kg7 33. Rxa8 a5 34. Ra6
1-0

[Event "Challenge"]
[Site "http://www.queenalice.com/game.php?id=1348249"]
[Date "2015.3.18"]
[Round "-"]
[White "ledeon"]
[Black "Hossque"]
[Result "0-1"]
[WhiteElo "1650"]
[BlackElo "1683"]

1. d4 d5 2. Nf3 Bf5 3. e3 e6 4. Be2 Nc6 5. c3 Nf6 6. O-O Bd6 7. Nbd2 O-O 8. b3
a6 9. Re1 Ne4 10. Bb2 Qe7 11. Nxe4 dxe4 12. Nd2 Qh4 13. f3 Qxh2+ 0-1

[Event "Challenge"]
[Site "http://www.queenalice.com/game.php?id=1348287"]
[Date "2015.3.18"]
[Round "-"]
[White "Hossque"]
[Black "ledeon"]
[Result "1-0"]
[WhiteElo "1721"]
[BlackElo "1673"]

1. e4 e6 2. Nf3 c5 3. Nc3 Nc6 4. d4 cxd4 5. Nxd4 Nge7 6. Bf4 a6 7. Nb3 Ng6 8.
Bg3 b5 9. Bd3 Be7 10. O-O O-O 11. Re1 d5 12. exd5 exd5 13. Bxg6 fxg6 14. Nxd5
Bf5 15. Nxe7+ Nxe7 16. Nc5 Qb6 17. Rxe7 Qxc5 18. Bd6 Qc6 19. Qd4 Rad8 20. Qxg7#
1-0

[Event "Challenge"]
[Site "http://www.queenalice.com/game.php?id=1359668"]
[Date "2015.5.15"]
[Round "-"]
[White "Magogue"]
[Black "Hossque"]
[Result "0-1"]
[WhiteElo "572"]
[BlackElo "1735"]

1. e4 e5 2. f4 exf4 3. Bc4 Qh4+ 4. Kf1 Bc5 5. d4 Bb6 6. Nf3 Qh6 7. Nc3 d6 8. Nd5
Bg4 9. Bxf4 Qg6 10. Kf2 Bxf3 11. Qxf3 c6 12. Nxb6 axb6 13. Rhf1 d5 14. exd5
Qxc2+ 15. Be2 Ne7 16. d6 Nd5 0-1

[Event "Challenge"]
[Site "http://www.queenalice.com/game.php?id=1359669"]
[Date "2015.5.15"]
[Round "-"]
[White "Hossque"]
[Black "Magogue"]
[Result "1-0"]
[WhiteElo "1737"]
[BlackElo "570"]

1. c4 e5 2. Nc3 Nf6 3. e4 Bb4 4. Nf3 d6 5. a3 Bxc3 6. dxc3 Nxe4 7. Be3 O-O 8.
Bd3 Nf6 9. Ng5 h6 10. Ne4 Bf5 11. Qf3 Bg4 12. Qg3 Nbd7 13. h3 Nxe4 14. Bxe4 Bxh3
15. Rxh3 f5 16. Bd5+ 1-0

[Event "Let's Play Chess!"]
[Site "http://www.queenalice.com/game.php?id=1361994"]
[Date "2015.5.27"]
[Round "-"]
[White "Hossque"]
[Black "cdare"]
[Result "0-1"]
[WhiteElo "1752"]
[BlackElo "1897"]

1. c4 e5 2. Nc3 Nf6 3. d3 Nc6 4. Nf3 Bb4 5. Bd2 d6 6. a3 Bxc3 7. Bxc3 O-O 8. e4
Bg4 9. Be2 a6 10. O-O h6 11. h3 Bxf3 12. Bxf3 Nh7 13. Bd2 Ng5 14. Bg4 Nd4 15. b4
b6 16. f4 exf4 17. Rxf4 Nge6 18. Rf2 a5 19. Bc3 Qe7 20. Bxe6 Nxe6 21. Qg4 Kh8
22. d4 Qg5 23. d5 Qxg4 24. hxg4 Ng5 25. Rf5 Nxe4 26. Be1 Ng5 27. bxa5 bxa5 28.
Bh4 Ne4 29. Re1 Nd2 30. Be7 Rfe8 31. Rxf7 Nxc4 32. Kf2 Ne5 33. Kf1 Nxf7 34. a4
Ne5 35. Bh4 Rf8+ 36. Kg1 Nxg4 37. Re7 Rab8 38. g3 Rf2 39. Rxc7 Rb1+ 0-1

[Event "Challenge"]
[Site "http://www.queenalice.com/game.php?id=1362136"]
[Date "2015.5.28"]
[Round "-"]
[White "cdare"]
[Black "Hossque"]
[Result "0-1"]
[WhiteElo "1910"]
[BlackElo "1742"]

1. e4 e5 2. Nf3 Nf6 3. Nc3 d6 4. h3 Nc6 5. Bc4 h6 6. d3 a6 7. O-O Nd4 8. Nxd4
exd4 9. Nd5 Be7 10. Nxe7 Qxe7 11. Bf4 O-O 12. Qd2 b5 13. Bb3 Nh5 14. Bxh6 Qf6
15. Bg5 Qg6 16. Kh2 c5 17. Bd5 Rb8 18. f4 b4 19. a3 bxa3 20. b3 Nf6 21. Bxf6
Qxf6 22. e5 dxe5 23. fxe5 Qxe5+ 24. Kh1 Qxd5 25. Qa5 Bxh3 26. Rf2 Bc8 27. Qxa3
Qh5+ 28. Kg1 Rb6 29. Kf1 Re8 30. Kg1 Rh6 31. Rf3 Rg6 32. Qa4 Qxf3 33. Qxe8+ Kh7
34. Qe4 Qe3+ 35. Qxe3 dxe3 36. Re1 Bb7 37. Rxe3 Rxg2+ 38. Kf1 Rxc2 39. Re7 Bd5
40. Ra7 Bxb3 41. Rxa6 Rc1+ 42. Ke2 c4 43. d4 Rd1 44. Ke3 Rd3+ 45. Ke4 Bc2 46.
Kd5 Bb3 47. Ra3 g5 48. Ke4 g4 49. Ra1 Bd1 50. Rc1 Bf3+ 51. Ke5 c3 0-1

[Event "Challenge"]
[Site "http://www.queenalice.com/game.php?id=1376932"]
[Date "2015.8.11"]
[Round "-"]
[White "Hossque"]
[Black "cdare"]
[Result "0-1"]
[WhiteElo "1747"]
[BlackElo "1918"]

1. c4 e5 2. Nc3 Nf6 3. d3 Nc6 4. Nf3 Bb4 5. e4 d6 6. Be2 Bg4 7. O-O Bxc3 8. bxc3
O-O 9. Bg5 h6 10. Bh4 Bxf3 11. Bxf3 Qe7 12. Qb3 Na5 13. Qb5 b6 14. d4 Qd7 15.
Bxf6 Qxb5 16. cxb5 gxf6 17. Bg4 Nc4 18. dxe5 fxe5 19. Bf5 Na3 20. f4 Nc2 21.
Rac1 Ne3 22. Rf3 Nxf5 23. exf5 f6 24. Rg3+ Kh7 25. fxe5 fxe5 26. Rf1 Rf7 0-1

[Event "Challenge"]
[Site "http://www.queenalice.com/game.php?id=1378775"]
[Date "2015.8.20"]
[Round "-"]
[White "Hossque"]
[Black "ledeon"]
[Result "0-1"]
[WhiteElo "1765"]
[BlackElo "1960"]

1. c4 e6 2. d4 d5 3. c5 a6 4. e3 Qf6 5. Nf3 Be7 6. Bd3 Bd8 7. O-O g6 8. Ne5 Nd7
9. Ng4 Qg7 10. Bc2 h5 11. Ne5 Nxe5 12. dxe5 Qxe5 13. f4 Qg7 14. Nc3 Nf6 15. Ba4+
c6 16. Qd4 O-O 17. b4 b5 18. Bb3 a5 19. a4 axb4 20. Qxb4 Ne4 21. Nxe4 Qxa1 22.
Nd6 Ba5 23. Qd4 Bc3 24. Qd3 bxa4 25. Bc2 Ba6 26. Qd1 Bxf1 27. Qxf1 Bb4 28. f5
exf5 29. h3 Bxc5 30. Nxf5 gxf5 31. Bxf5 Bxe3+ 32. Bxe3 Qxf1+ 33. Kxf1 a3 34. Bd4
a2 35. Ba1 Rab8 36. Bd7 Rb1+ 0-1

[Event "Challenge"]
[Site "http://www.queenalice.com/game.php?id=1387595"]
[Date "2015.10.5"]
[Round "-"]
[White "cdare"]
[Black "Hossque"]
[Result "1-0"]
[WhiteElo "1908"]
[BlackElo "1757"]

1. e4 e5 2. Nf3 Nf6 3. Nc3 Nc6 4. Bc4 h6 5. d3 Bb4 6. Bd2 O-O 7. O-O d6 8. h3
Re8 9. a3 Bc5 10. b4 Be6 11. Bxe6 Rxe6 12. bxc5 dxc5 13. Ne2 Nd4 14. Nexd4 1-0